SERGÜZEŞT (Record no. 709761)

MARC details
000 -LEADER
sabit uzunluktaki kontrol alanı 00244nam a2200097Ia 4500
001 - KONTROL NUMARASI
kontrol alanı 709761
005 - EN SON İŞLEMİN TARİH VE ZAMANI
kontrol alanı 20250826162553.0
008 - SABİT-UZUNLUKTA VERİ ÖĞELERİ--GENEL BİLGİ
sabit uzunluktaki kontrol alanı 250824s9999 xx 000 0 und d
245 #0 - ESER / YAZAR
ESER ADI SERGÜZEŞT
Yazar Adı SAMİPAŞAZADE SEZAİ
260 ## - YAYIN, DAĞITIM, VB.
YAYIN EVİ AKVARYUM YAYINLARI
Holdings
Düşüm durumu Kayıp durumu Hasar Durumu Ödünç verilmez Ana kütüphane Geçerli Kütüphane Edinilen tarih Toplam ödünç verme sayısı Barkod Son görüntüleme tarihi Fiyatın geçerli olmaya başladığı tarih Koha materyal türü
        CAHİT ZARİFOĞLU İLKOKULU CAHİT ZARİFOĞLU İLKOKULU 24.08.2025   10272821 26.08.2025 26.08.2025 Books